000 01855nam a2200385 a 4500
999 _c154419
_d154419
003 BLK
005 20240624115351.0
008 180410b bul|||||r ||||||| ||bul||
010 _aKNG00161036000
040 _aBLK
041 _aBUL
_cBUL
080 _aВоенно изкуство. Общо върху военните операции. Тактика. Стратегия. Бойно поле
_b355.4
_x(092)
_z355.4(092)
100 1 _aБудьони, Семьон Михайлович
_eпърви автор
_9332437
139 _aБудьони, Семьон Михайлович
_bБ 84
245 1 0 _aИзминат път
_bСпомени : Кн. 1 -
_cСемьон Михайлович Будьони; прев. от рус. на том Христо Иванов Черняев; прев. от рус. на том Петър Илиев Байчев
_nКн. 1
257 _aSUN
260 _aСофия
_bДърж. воен. изд.
_c1959
300 _a424 с.
_bс ил., к.
_c21 см
380 _a3
650 4 _aВоенна история - СССР
_9254921
650 4 _aВоенни дейци - биографии
_9281286
651 4 _aСССР
_9179592
653 _aвоенно дело
653 _aдейци
653 _aмемоари
700 _aЧерняев, Христо Иванов
_d1930 - 2021
_gБългарски поет, публицист и писател
_9365420
700 1 _aБайчев, Петър Илиев
_eпрев. от рус. на том
_9332438
760 1 _aБудьони, Семьон Михайлович
_d1959
_h424 с. : с ил., к.
_tКн. 1
852 _aЦб 13455
856 4 _qpdf
856 4 _qpdf
942 _cKNG
_n0
_s1
944 _aCR
_c20.05.2014
_lХристина Везирева
_k30535
944 _aED
_c2021-11-16
_l2021-11-16
_kК.Д.